| 000 | 01151nab a2200205 i 4500 | ||
|---|---|---|---|
| 001 | 170452 | ||
| 003 | ES-MaACL | ||
| 005 | 20240108205824.0 | ||
| 008 | 090305m18861887sp 000 0 spa d | ||
| 100 | 1 |
_aCampillo y Correa, Narciso, _d1835-1900 _934174 |
|
| 245 | 1 | 3 |
_aEl bandolerismo - Sus orígenes y tradiciones - Sus causas permanentes y accidentales - Sus caracteres y formas diversas : 40ª conferencia [del ciclo "La España del siglo XIX", Ateneo Científico, Literario y Artístico de Madrid] / _corador, Narciso Campillo. |
| 610 | 2 | 4 |
_aAteneo de Madrid- _vConferencias- _yS.XIX. _91910 |
| 610 | 2 | 4 |
_aAteneo de Madrid- _vObras digitalizadas. _91930 |
| 650 | 4 |
_aBandolerismo- _zEspaña. _9227142 |
|
| 773 | 0 |
_tLa España del siglo XIX : colección de conferencias históricas celebradas durante el curso de 1885-86 [y curso de 1886-87], _dMadrid : Librería de Don Antonio San Martín, 1886-1887, _gT. 3, p. 545-579 _082158 _985194 _w82158 |
|
| 856 | 4 |
_uhttp://www.ateneodemadrid.com/biblioteca_digital/folletos/Folletos-0128.pdf _zVer documento |
|
| 942 |
_cANAM _2udc |
||
| 999 |
_c170452 _d170452 |
||